000 00460nam a2200169 a 4500
001 0000-8965
003 ELIB.Books
008 110520 1940
035 _a(ELIB.Books)0000-9114
082 _a268
_bVan
100 _aVan Ness, I. J.
245 _aTraining in the Baptist Spirit
260 _bNashville: Sunday School Board of the Southern B.C
_c1940
650 _aChristian Education
942 _2ddc
_cBK
998 _cbat
_e2011-05-20
999 _c8965
_d8965